000 01394nam a22003255i 4500
003 EG-ScBUE
005 20260512114832.0
008 190228s2018 ua a frb 000 0bara d
017 _a2018 / 4367
020 _a9789774524573
040 _aEG-ScBUE
_bara
_erda
_cEG-ScBUE
_dEG-ScBUE
082 0 4 _a540.92
_bت ح ي
_222
245 0 0 _aتحية وذكريات من مصر :
_bأحمد زويل : العالم والإنسان، 1946-2016 /
_cتقديم مصطفى الفقي ؛ تأليف مجموعة من الكتاب ؛ رئيسا التحرير أحمد عكاشه، شريف صدقي.
264 1 _aالإسكندرية :
_bمكتبة الإسكندرية،
_c2018.
300 _a179 صفحة :
_bإيضاحيات ؛
_c22 سم
336 _2rdacontent
_aنص
_btxt
337 _aبدون وسيط
_2rdamedia
_bn
338 _aمجلد
_bnc
_2rdacarrier
504 _aيشتمل على إرجاعات ببليوجرافية.
600 1 7 _aزويل، أحمد،
_d1946-2016.
_2BUEsh
_917378
650 7 _aالكيميائيون المصريون.
_2BUEsh
_921508
650 7 _aالعلماء المصريون.
_2BUEsh
650 7 _aالكيمياء
_vتراجم.
_2BUEsh
651 _2BUEsh
655 _vReading book
700 1 _aالفقي، مصطفى،
_d1944-
_eمقدم.
700 1 _aعكاشه، أحمد،
_eمحرر.
700 1 _aصدقي، شريف،
_eمحرر.
942 _2ddc
999 _c27202
_d27173